000 00830nam a22002177a 4500
005 20251108164820.0
008 250721s1981 xx 000 0 ara d
082 1 4 _a813.095669/إبر
100 1 _aغلوم، إبراهيم عبد الله
245 1 0 _aالقصة القصيرة في الخليج العربي :
_bالكويت - البحرين : دراسة نقدية مقارنة /
264 1 _aالبصرة :
_bجامعة البصرة - مركز دراسات الخليج العربي،
_c1981.
300 _a735ص
490 0 _aمنشورات مركز دراسات الخليج العربي ؛ 47
650 1 7 _aالقصص العربية
650 1 7 _aالتاريخ الأدبي
650 1 7 _aالنقد الأدبي
650 1 7 _aالكويت
650 1 7 _aالبحرين
942 _2ddc
_cBK
999 _c15033
_d15033